| 000 | 00636nam a22001577a 4500 | ||
|---|---|---|---|
| 008 | 170819b xxu||||| |||| 00| 0 eng d | ||
| 082 |
_22017 _aUT 0876 _bH43 |
||
| 100 |
_922373 _aHernandez, Yza Candize C. |
||
| 245 |
_aMusic Teaching Method and Physical Skills of MAPE Majors in University of Mindanao Digos College/ _cYza Candize C. Hernandez, Quennie G. Dela Pena and Mark Vincent Monreal. |
||
| 260 |
_aDigos City: _bUMDC _cMarch 2017. |
||
| 300 |
_a58 pages; _c29 cm. |
||
| 650 | 0 |
_922374 _aEducation _vMAPEH _xUndergraduate thesis. |
|
| 700 |
_922375 _aDela Pena, Quennie G. |
||
| 700 |
_922376 _aMonreal, Mark Vincent |
||
| 942 |
_2ddc _cUT |
||
| 999 |
_c7357 _d7357 |
||